00988nam a22002057a 4500003000900000008004100009040007100050082002100121110001700142245006800159260002900227300002800256505037600284650002100660650001500681650001800696650002100714650003100735700001600766AR-CdUCM190225b ||||| |||| 00| 0 spa d aMUNICIPALIDAD PROVINCIAL DEL CUSCOcBIBLIOTECA MUNICIPAL DEL CUSCO a985.0013 /bAM52 aSello Amauta aPresencia y proyección de los 7 ensayos: bfactor religioso / aLima : bAmauta, c1972. a166 páginas ;c24 cm. aTomo IV, contenido: El factor religioso -- La cuestión de los orígenes -- La iglesia católica: cuestiones intrínsecas -- Tomismo y marxismo en la teoría del conocimiento -- La teoría del conocimiento en Tomas y Marx -- La revelación cristianas y los manuscritos del mar muerto -- Los fieles católicos -- El apostolado de los laicos -- El clero católico. aFactor Religioso aHugo Pesce aSiete ensayos aRealidad peruana aJosé Carlos Mariátegui aPesce, Hugo